| 000 | 00581pam a2200217 a 4500 | ||
|---|---|---|---|
| 001 | 4206632 | ||
| 005 | 20180221072713.0 | ||
| 008 | 810929s1982 enka b 001 0 eng | ||
| 010 | _a 81017003 | ||
| 020 | _a0521240689 | ||
| 040 |
_aDLC _cDLC _dDLC |
||
| 041 | _aeng | ||
| 080 | _a302 MAR | ||
| 082 | 0 | 0 |
_a302 MAR _219 |
| 100 | 1 | _a50 | |
| 101 | _aSOC | ||
| 245 | 1 | 0 |
_aSelfishness, altruism, and rationality : _cHoward Margolis. |
| 504 | _aBibliography: p. 189-191. | ||
| 906 |
_a7 _bcbc _corignew _d1 _eocip _f19 _gy-gencatlg |
||
| 942 |
_2ddc _cBK |
||
| 999 |
_c43054 _d43054 |
||